| 000 | 00547nam a2200181Ia 4500 | ||
|---|---|---|---|
| 003 | GCL | ||
| 008 | 140319s9999 xx 000 0 ara d | ||
| 040 |
_aGCL / _cGCL |
||
| 082 | 0 | 4 |
_a310.18028 _bس م |
| 100 | 1 | _aسامية محمد جابر | |
| 245 | 1 | 0 |
_aمنهجية البحث فى العلوم الاجتماعية / _cسامية محمد جابر |
| 260 |
_a[S.N] : _bدار المعرفة الجامعية ، _c1993 |
||
| 300 | _a332 ص | ||
| 490 | _a | ||
| 650 | 0 | 4 | _aالاجتماع |
| 650 | 0 | 4 | _aالمنهجية |
| 942 |
_2ddc _cBK |
||
| 999 |
_c54186 _d54186 |
||